Представление документа в формате RUSMARC

ПолеНазваниеЗначение
  Тип записи i
  Библиографический уровень m
001 Контрольный номер RU/IS/BASE/357751194
005 Дата корректировки 20201206204803.9
010 Индекс ISBN __
d Цена 172-13
101 Язык документа __
a Язык текста rus
200 Заглавие и сведения об ответственности 1_
a Заглавие "Три товарища"
e Сведения, относящиеся к заглавию [аудиоспектакль]
f Первые сведения об ответственности Эрих Мария Ремарк ; [режиссер-постановщик Э. Верник ; инсценировка И. Золотарева ; исполн. И. Верник и др. ; Гостелерадиофонд]
b Общее обозначение материала Звукозапись
210 Выходные данные __
a Место издания М.
c Издательство Изд-во
d Дата издания 2010
215 Физическое описание __
a Объем 1 электрон. опт. диск (Audio CD) (3 ч. 06 мин.)
225 Серия __
a Серия Audiobook
300 Общие примечания __
a Общие примечания Pentium 100 MHz ; 16 Mb RAM ; 4-x CD-ROM ; SVGA ; Windows 98/Me/NT/2000/XP ; звуковая карта ; mp3
323 Примечание о главных создателях, исполнителях, участниках __
a Примечание о главных создателях, исполнителях, участниках Верник, И.
a Примечание о главных создателях, исполнителях, участниках Васильев, Ю
a Примечание о главных создателях, исполнителях, участниках Козак, Р.
a Примечание о главных создателях, исполнителях, участниках Каменкова, А.
a Примечание о главных создателях, исполнителях, участниках Невинный, В.
a Примечание о главных создателях, исполнителях, участниках Дубинский, Р.
a Примечание о главных создателях, исполнителях, участниках Мокеев, Ф.
a Примечание о главных создателях, исполнителях, участниках Золотовицкий, И.
330 Аннотация __
a Аннотация Это один из самых известных романов Ремарка, вошедших в Золотой фонд мировой литературы XX века, любимый не одним поколением молодежи. Книга рассказывает о так называемом потерянном поколении, разочаровавшемся в буржуазных ценностях. Главные герои пытаются выжить, утвердиться в жестоком мире предфашистской Германии и найти опору в верной любви и крепкой мужской дружбе.
606 Тематические рубрики __
a Основная рубрика Музыка и зрелищные искусства
606 Тематические рубрики __
a Основная рубрика Художественное радиовещание
610 Ключевые слова __
a Ключевые слова радиоспектакли; радиопьесы; радиопостановки; тема дружбы; тема мужской дружбы; тема мужчины; тема женщины; тема потерянного поколения; тема взаимоотношений; немецкая литература
686 Индексы других классификаций __
a Классификационный индекс 85.38я04
700 Автор _1
a Фамилия Ремарк
b Имя Э. М.
g Полное личное имя Эрих Мария
4 Код отношения 070
801 Источник записи _0
a Страна RU
b Организация Муниципальное бюджетное учреждение культуры "Централизованная библиотечная система" г. Сургут (Центральная городская библиотека им. А. С. Пушкина)
g Правила каталогизации КиК/Поспелова
801 Источник записи _1
a Страна RU
b Организация Муниципальное бюджетное учреждение культуры "Централизованная библиотечная система" г. Сургут (Центральная городская библиотека им. А. С. Пушкина)
g Правила каталогизации КиК/Поспелова
852 Данные о местонахождении __
j Шифр хранения 85.38я04
i Авторский знак Р 37
901 Тип документа __
t Тип документа 0
903 Характеристики (МАРС) __
a Дата передачи 20110503
969 Тип издания __
a Тип издания аудиоспектакль
990 Данные о заказе (DOS) __
j Количество экземпляров (DOS) 1
h N записи в КСУ для Б/У (DOS) 201106